| 000 | 00908nas a2200277 4500 | ||
|---|---|---|---|
| 001 | BR8501124 | ||
| 003 | BR-BrBNA | ||
| 005 | 20231205090131.0 | ||
| 007 | ta | ||
| 008 | 230509b bl.|||p| |||| 00| 00por d | ||
| 040 |
_aBR-BrBNA _bpor _cBiblioteca Nacional de Agricultura |
||
| 041 | _a(Pt) | ||
| 072 | _aL36 | ||
| 100 | 1 | _aMatos, L.L. de | |
| 100 | 1 | _aCampos, O.F. de | |
| 100 | 1 | _aPires, M. de F.A. | |
| 100 | 1 | _aLeite, L. de O. | |
| 245 | 1 | _aComparacao entre leite integral e diferentes sucedaneos do leite na alimentacao de bezerros | |
| 246 | 1 | _aComparison between whole milk and different substitutes in feeding calves | |
| 650 | _aBEZERRO | ||
| 650 | _aLEITE | ||
| 650 | _aLEITE DESNATADO | ||
| 773 | 0 |
_tRevista da Sociedade Brasileira de Zootecnia (Brazil) _xISSN 0100-4859 _g(1984), v. 13(4) p. 447-455 _wBR8501124 |
|
| 909 |
_a202311 _bLúcia _c55 _dLúcia Elande |
||
| 942 |
_2AGRIS _n0 _cANA |
||
| 999 |
_c116327 _d116327 |
||